00805nam a22002054a 450000500170000000800410001702000180005804000590007604100080013510000300014324501100017326000630028330000180034650000340036460000600039860000630045865000210052165000230054270000340056520160926095341.0160914s2016 ck gr 001 0 spa d a9789588040776 aCO-BoUCMbspacSaul Niño (Modificó)dEdgar Pinilla aspa1 aMasur, Gerhardd1901-197510aPaisajes del espíritu bensayos de crítica de la culturacGerhard Masur ; compilador Gonzalo Cataño aBogotá (Colombia)bAcademia Colombiana de Historiac2016 a380 páginas aIncluya índice onomástico34aMasur, Gerhardd1901-1975xCrítica e interpretación34aMasur, Gerhardd1901-1975xPensamiento político y social17aEnsayos alemanes17aHistoriazAlemania1 aCataño, Gonzaloecompilador